[Event "European-ch Seniors 2018"]
[Site "Drammen"]
[Date "2018.08.07"]
[Round "4"]
[White "Baliuniene, Margarita"]
[Black "Strutinskaia, Galina"]
[Result "0-1"]
[WhiteElo "1937"]
[BlackElo "2208"]
[Annotator "NA"]
[PlyCount "96"]
[EventDate "2018.08.04"]
[EventType "swiss"]
[EventCountry "NOR"]
[SourceTitle "playchess.com"]
[Source "ChessBase"]
[SourceQuality "1"]
[TimeControl "40/5400+30:1800+30"]

1. Nf3 {[%emt 0:00:00]} d5 {[%emt 0:03:27]} 2. g3 {[%emt 0:00:00]} c6 {[%emt 0:00:26]} 3. Bg2 {[%emt 0:00:00]} Bf5 {[%emt 0:02:43]} 4. d4 {[%emt 0:00:16]} e6 {[%emt 0:01:20]} 5. Nbd2 {[%emt 0:00:30]} Nf6 {[%emt 0:01:45]} 6. O-O {[%emt 0:00:25]} h6 {[%emt 0:00:11]} 7. c4 {[%emt 0:00:50]} Be7 {[%emt 0:01:46]} 8. Ne5 {[%emt 0:03:57]} O-O {[%emt 0:01:13]} 9. Ndf3 {[%emt 0:01:05]} Ne4 {[%emt 0:00:45]} 10. Qb3 {[%emt 0:02:14]} Qc8 {[%emt 0:02:15]} 11. Bf4 {[%emt 0:04:22]} f6 {[%emt 0:03:50]} 12. Nd3 {[%emt 0:00:41]} Nd7 {[%emt 0:01:09]} 13. Rac1 {[%emt 0:08:32]} g5 {[%emt 0:03:43]} 14. Be3 {[%emt 0:00:49]} Rb8 {[%emt 0:03:32]} 15. cxd5 {[%emt 0:02:08]} exd5 {[%emt 0:00:23]} 16. Nd2 {[%emt 0:04:29]} Kg7 {[%emt 0:01:31]} 17. f3 {[%emt 0:03:02]} Nd6 {[%emt 0:01:11]} 18. Bf2 {[%emt 0:03:31]} Nb6 {[%emt 0:00:50]} 19. e4 {[%emt 0:02:01]} Be6 {[%emt 0:02:55]} 20. e5 {[%emt 0:05:55]} Ndc4 {[%emt 0:02:21]} 21. Qc3 {[%emt 0:01:33]} Bf5 {[%emt 0:07:09]} 22. b3 {[%emt 0:01:12]} Na3 {[%emt 0:01:05]} 23. Nc5 {[%emt 0:06:35]} Nd7 {[%emt 0:04:48]} 24. g4 {[%emt 0:01:56]} Nxc5 {[%emt 0:00:58]} 25. gxf5 {[%emt 0:00:33]} Na6 {[%emt 0:00:05]} 26. e6 {[%emt 0:00:51]} Nb4 {[%emt 0:01:15]} 27. Ra1 {[%emt 0:14:12]} Nb5 {[%emt 0:00:25]} 28. Qe3 {[%emt 0:08:17]} Nc2 {[%emt 0:01:36]} 29. Qd3 {[%emt 0:00:09]} Nxa1 {[%emt 0:01:05]} 30. Rxa1 {[%emt 0:00:05]} Bd6 {[%emt 0:05:09]} 31. a4 {[%emt 0:00:48]} Nc7 {[%emt 0:00:10]} 32. Nf1 {[%emt 0:01:54]} Rh8 {[%emt 0:05:28]} 33. Ne3 {[%emt 0:01:05]} Na6 {[%emt 0:01:15]} 34. Rc1 {[%emt 0:01:01]} Nb4 {[%emt 0:00:16]} 35. Qd2 {[%emt 0:02:23]} a5 {[%emt 0:00:11]} 36. Bg3 {[%emt 0:03:01]} Qc7 {[%emt 0:00:29]} 37. Kf2 {[%emt 0:01:07]} h5 {[%emt 0:00:20]} 38. Re1 {[%emt 0:02:47]} Kf8 {[%emt 0:03:10]} 39. Rh1 {[%emt 0:01:35]} Ke7 {[%emt 0:00:34]} 40. Bxd6+ {[%emt 0:00:00]} Qxd6 {[%emt 0:00:00]} 41. h4 {[%emt 0:02:14]} Qf4 {[%emt 0:00:44]} 42. hxg5 {[%emt 0:00:57]} Qxg5 {[%emt 0:00:14]} 43. Qe2 {[%emt 0:03:02]} Qf4 {[%emt 0:00:39]} 44. Qd1 {[%emt 0:02:38]} h4 {[%emt 0:01:45]} 45. Bh3 {[%emt 0:01:42]} Rbg8 {[%emt 0:04:02]} 46. Ng4 {[%emt 0:04:53]} Rg5 {[%emt 0:01:49]} 47. Ne3 {[%emt 0:02:28]} Rhg8 {[%emt 0:00:34]} 48. Bg4 {[%emt 0:01:05]} Rxg4 0-1